000 00918nam a22003017a 4500
001 BR2015005436
003 BR-BrBNA
005 20230928104725.0
007 ta
008 230509b bl.||||| |||| 00| 0 por d
040 _aBR-BrBNA
_bpor
_cBiblioteca Nacional de Agricultura
041 _a(Por)
072 _aE11; P01
090 _ E11 BR2015005436
100 1 _aSilva, D.
100 1 _aBarreto, P.
110 1 _aInstituto do Homem e do Meio Ambiente da Amazônia, Belém, PA (Brasil)
_96324
245 1 _aO potencial do imposto territorial rural contra o desmatamento especulativo na Amazônia
260 3 _aBelém, PA (Brasil):
_c2014.
300 _a47 p.
500 _a33 ref.; Summary (Por); 8 illus.; 6 tables
650 _aIMPOSTO TERRITORIAL
650 _aDESMATAMENTO
650 _aDESENVOLVIMENTO ECONÔMICO
650 _aAMAZÔNIA
909 _a202309
_bLucia
_c55
_dLucia Elande
942 _cBK
999 _c81404
_d81404